000 00331nam a2200121Ia 4500
008 230524s9999 xx 000 0 und d
100 _aWalker Royce (Foreword by Barry Boehm)
245 0 _aSoftware Project Management: A Unified Framework
260 _bPearson
500 _aQuantity Number: 5
650 _aComp-Sc
942 _cBK
999 _c50225
_d50225